| 000 | 00434nam a2200169Ia 4500 | ||
|---|---|---|---|
| 003 | STCL | ||
| 008 | 181203s9999 xx 000 0 und d | ||
| 020 | _a9780521424981 | ||
| 040 |
_aSTCL _bEN _cSTCL |
||
| 082 | _222 | ||
| 100 | _aWoodruff, D. P.; Delchar, T. A. | ||
| 245 | 0 | _aModern techniques of surface science | |
| 260 |
_bCambridge University Press _aCambridge _c1999 |
||
| 300 | _a586 | ||
| 546 | _aEnglish | ||
| 942 |
_2ddc _cBK |
||
| 999 |
_c82902 _d82902 |
||